Logo CIB grande

Catálogo Nacional de objetos geográficos versión 2.0 (Registro nro. 237913)

Detalles MARC
000 -LEADER
campo de control de longitud fija 00644nam a2200217Ia 4500
005 - FECHA Y HORA DE LA ÚLTIMA TRANSACCIÓN
campo de control 20250425162847.0
008 - DATOS DE LONGITUD FIJA--INFORMACIÓN GENERAL
campo de control de longitud fija 250425s9999 xx 000 0 und d
041 ## - CÓDIGO DE IDIOMA
Código de lengua del texto/banda sonora o título independiente spa
082 ## - NÚMERO DE LA CLASIFICACIÓN DECIMAL DEWEY
Número de clasificación 918.66
Iniciales del Autor SEC
010 ## - NÚMERO DE CONTROL DE LA BIBLIOTECA DEL CONGRESO
Número de control de LC 117498
110 ## - ENTRADA PRINCIPAL--NOMBRE DE ENTIDAD CORPORATIVA
Nombre de entidad corporativa o nombre de jurisdicción como elemento de entrada Secretaría Nacional de Planificación y Desarrollo
245 #0 - MENCIÓN DEL TÍTULO
Título Catálogo Nacional de objetos geográficos versión 2.0
250 ## - MENCION DE EDICION
Mención de edición Primera edición
260 ## - PUBLICACIÓN, DISTRIBUCIÓN, ETC.
Lugar de publicación, distribución, etc. Quito
Nombre del editor, distribuidor, etc. SENPLADES
Fecha de publicación, distribución, etc. 2013
300 ## - DESCRIPCIÓN FÍSICA
Extensión 463 páginas
Otras características físicas gráficos
Dimensiones 30 cm.
650 ## - PUNTO DE ACCESO ADICIONAL DE MATERIA--TÉRMINO DE MATERIA
Término de materia o nombre geográfico como elemento de entrada Geografía Socieconómica
650 ## - PUNTO DE ACCESO ADICIONAL DE MATERIA--TÉRMINO DE MATERIA
Término de materia o nombre geográfico como elemento de entrada Objetos Geográficos - Ecuador
650 ## - PUNTO DE ACCESO ADICIONAL DE MATERIA--TÉRMINO DE MATERIA
Término de materia o nombre geográfico como elemento de entrada Valores de Dominio
902 ## - ELEMENTOS DE DATOS B LOCAL, LDB (RLIN)
a Libro
c Impreso
942 ## - ELEMENTOS DE ENTRADA SECUNDARIOS (KOHA)
Tipo de ítem Koha Libros
Existencias
Estatus retirado Estado de pérdida Estado de daño No para préstamo Biblioteca de origen Biblioteca actual Fecha de adquisición Coste, precio normal de compra Etiqueta RFID Total de préstamos Código de barras Copia número Tipo de ítem Koha Nota pública
        CENTRO DE INFORMACIÓN BIBLIOTECARIA CENTRO DE INFORMACIÓN BIBLIOTECARIA 24/01/2025 10.00 0000000000000000037707   D-108452 1 Libros Donación

Copyright 2025 ESPOL. Todos los derechos reservados.